Vista normal Vista MARC
  • Abreu, J.M

Entrada Nom personal

Nombre de registres utilitzats a: 5

001 - NÚMERO DE CONTROL

  • campo de control: 60507

003 - IDENTIFICADOR DE NÚMERO DE CONTROL

  • campo de control: OSt

005 - FECHA Y HORA DE LA ÚLTIMA TRANSACCIÓN

  • campo de control: 20210930002250.0

008 - ELEMENTOS DE DATO DE LONGITUD-FIJA

  • campo de control de longitud fija: 210929|| aca||aabn | a|a d

040 ## - FUENTE DE CATALOGACIÓN

  • Centro catalogador/agencia de origen: OSt
  • Centro/agencia transcriptor: OSt

100 ## - ENCABEZAMIENTO-NOMBRE DE PERSONA

  • Nombre de persona: Abreu, J.M

670 ## - FUENTE DE DATOS ENCONTRADOS

  • Cita de la fuente: Work cat.: (OSt)33993: Abreu, J.M., Quelques remarques sur la terminologie espagnole dans le domaine des nouvelles technologies de la communication, 1992

Implantat amb Koha